000 00701cab a2200217 4500
001 ABS55108
008 090401t1996 xxu||||| |||| 00| 0 eng d
035 _a(Sirsi) u14266
041 _aeng
245 _aInternational costings
260 _c1996
350 _a0
490 _aBuilding
_vBuilding Procurement Supplement May 1996, 22-23(2)
520 _aPresents data on building costs in Kuwait, Qatar, Saudi Arabia, United Arab Emirates, South Africa and Hong Kong. Includes tables.
650 _aBUILT ENVIRONMENT-BUILDING COSTS
650 _aBUILDING TENDER PRICES
650 _aMATERIAL SUPPLY PRICES
690 _aBUILT ENVIRONMENT-BUILDING COSTS
942 _n0
948 _c04/03/1997
999 _c9272
_d9272